000 00682nam a2200253Ia 4500
001 Para_7069
003 CHAP
008 220125s1955 xx 000 0 und d
010 _a205895
040 _cCHAP
082 _aPA 633.61 E4
100 _aEdgerton, Claude W.
_935339
245 _aSugarcane and its diseases /
_c by Claude W. Edgerton
260 _aLouisiana :
_b Louisiana State University Press
300 _a290 p.
650 _aCaña de azúcar
_x enfermedades
_918598
901 _aPA 633.61 E4
902 _aA
905 _a0000001955 0000000000 00
910 _a1955
942 _cPARA
942 _cPARA
_d1
999 _c205895
_d205895